[Event "Titled Tuesday intern op 21st April"]
[Site "Chess.com INT"]
[Date "2020.04.21"]
[Round "1"]
[White "Shuvalova, Polina"]
[Black "Makarov, Pavlo"]
[Result "1/2-1/2"]
[WhiteElo "2454"]
[BlackElo "2198"]
[PlyCount "55"]
[EventDate "2020.04.21"]
[EventType "swiss (blitz)"]
[EventRounds "10"]
[EventCountry "USA"]
[SourceTitle "EXT 2021"]
[Source "ChessBase"]
[SourceDate "2020.10.23"]
[SourceVersion "1"]
[SourceVersionDate "2020.10.23"]
[SourceQuality "1"]

1. e4 e5 2. Nf3 d6 3. d4 exd4 4. Nxd4 Nf6 5. Nc3 Be7 6. Bg5 Nxe4 7. Nxe4 Bxg5 8. Bd3 Bf6 9. Nxf6+ Qxf6 10. 0-0 0-0 11. Re1 Bd7 12. c3 Nc6 13. Nb5 Rac8 14. Qd2 a6 15. Na3 Rfe8 16. Nc2 Rxe1+ 17. Rxe1 Re8 18. Ne3 h6 19. h3 Qg5 20. Kh1 Ne5 21. Bf1 Ng6 22. c4 Bc6 23. Kh2 Nh4 24. Qd1 Qf4+ 25. Kg1 Qg5 26. Kh2 Qf4+ 27. Kg1 Qg5 28. Kh2 1/2-1/2

[Event "Titled Tuesday intern op 21st April"]
[Site "Chess.com INT"]
[Date "2020.04.21"]
[Round "9"]
[White "Vidruska, Renate"]
[Black "Makarov, Pavlo"]
[Result "0-1"]
[WhiteElo "2045"]
[BlackElo "2198"]
[PlyCount "70"]
[EventDate "2020.04.21"]
[EventType "swiss (blitz)"]
[EventRounds "10"]
[EventCountry "USA"]
[SourceTitle "EXT 2021"]
[Source "ChessBase"]
[SourceDate "2020.10.23"]
[SourceVersion "1"]
[SourceVersionDate "2020.10.23"]
[SourceQuality "1"]

1. e4 e5 2. Nf3 d6 3. Bc4 Be7 4. d4 exd4 5. 0-0 Nf6 6. Nxd4 0-0 7. Nc3 Nxe4 8. Nxe4 d5 9. Bxd5 Qxd5 10. Nc3 Qd8 11. Be3 Bf6 12. Ne4 Bxd4 13. Bxd4 Nc6 14. Bc3 Qxd1 15. Raxd1 Bf5 16. Nc5 b6 17. Na6 Bxc2 18. Rd7 Rac8 19. Rc1 Rfd8 20. Rxc7 Bd3 21. Rd1 Bxa6 22. Rxd8+ Rxd8 23. f4 Rc8 24. Rd7 Kf8 25. f5 Ke8 26. Rd2 f6 27. Kf2 Rd8 28. Rc2 Nd4 29. Rc1 Kf7 30. Re1 Nc2 31. Rc1 Nd4 32. g4 h5 33. h3 hxg4 34. hxg4 Nb5 35. Bb4 Rc8 0-1

[Event "Titled Tuesday intern op 14th April"]
[Site "Chess.com INT"]
[Date "2020.04.14"]
[Round "7"]
[White "Volodin, Aleksandr"]
[Black "Makarov, Pavlo"]
[Result "1-0"]
[WhiteElo "2497"]
[BlackElo "2198"]
[PlyCount "75"]
[EventDate "2020.04.14"]
[EventType "swiss (blitz)"]
[EventRounds "10"]
[EventCountry "USA"]
[SourceTitle "EXT 2021"]
[Source "ChessBase"]
[SourceDate "2020.10.23"]
[SourceVersion "1"]
[SourceVersionDate "2020.10.23"]
[SourceQuality "1"]

1. d4 f5 2. Bg5 h6 3. Bh4 g5 4. e4 Bg7 5. Bg3 f4 6. Bxf4 gxf4 7. Qh5+ Kf8 8. Qf5+ Ke8 9. Be2 Nf6 10. e5 d6 11. Qxf4 dxe5 12. dxe5 Rf8 13. Nc3 Ng4 14. Qe4 Nxe5 15. Bh5+ Nf7 16. Rd1 Bd7 17. Nf3 Nc6 18. 0-0 e6 19. Rfe1 Qe7 20. Nd5 exd5 21. Qxd5 Rd8 22. Rxe7+ Nxe7 23. Qxb7 Bc6 24. Rxd8+ Kxd8 25. Qxa7 Nd6 26. c3 Kd7 27. Bg4+ Kd8 28. Qc5 Bd7 29. Bxd7 Kxd7 30. a4 Nc6 31. b4 Re8 32. a5 Ne5 33. a6 Nxf3+ 34. gxf3 Re1+ 35. Kg2 Ra1 36. b5 Rc1 37. a7 Ra1 38. Qc6+ 1-0

[Event "Titled Tuesday intern op 7th April"]
[Site "Chess.com INT"]
[Date "2020.04.07"]
[Round "2"]
[White "Makarov, Pavlo"]
[Black "Stefansson, Vignir Vatnar"]
[Result "0-1"]
[WhiteElo "2198"]
[BlackElo "2296"]
[PlyCount "62"]
[EventDate "2020.04.07"]
[EventType "swiss (blitz)"]
[EventRounds "10"]
[EventCountry "USA"]
[SourceTitle "EXT 2021"]
[Source "ChessBase"]
[SourceDate "2020.10.23"]
[SourceVersion "1"]
[SourceVersionDate "2020.10.23"]
[SourceQuality "1"]

1. d4 e6 2. e4 d5 3. Nd2 Nc6 4. c3 e5 5. exd5 Qxd5 6. Ngf3 exd4 7. Bc4 Qd8 8. 0-0 Be7 9. Qb3 Nh6 10. Ne4 Na5 11. Qa4+ c6 12. Bxh6 gxh6 13. Rfe1 b5 14. Bxb5 cxb5 15. Qxb5+ Kf8 16. Rad1 Bd7 17. Qh5 Qb6 18. Ne5 Be8 19. Rxd4 Rg8 20. Nd6 Bxd6 21. Qxh6+ Rg7 22. Rxd6 Qxb2 23. Rd3 Qb6 24. Qf4 Nc6 25. Rg3 Nxe5 26. Qxe5 Rxg3 27. hxg3 f6 28. Qf4 Bg6 29. Qh6+ Kf7 30. g4 Qc5 31. Qd2 Qc6 0-1

[Event "Titled Tuesday intern op 7th April"]
[Site "Chess.com INT"]
[Date "2020.04.07"]
[Round "6"]
[White "Millard, Charlotte"]
[Black "Makarov, Pavlo"]
[Result "0-1"]
[WhiteElo "1252"]
[BlackElo "2198"]
[PlyCount "56"]
[EventDate "2020.04.07"]
[EventType "swiss (blitz)"]
[EventRounds "10"]
[EventCountry "USA"]
[SourceTitle "EXT 2021"]
[Source "ChessBase"]
[SourceDate "2020.10.23"]
[SourceVersion "1"]
[SourceVersionDate "2020.10.23"]
[SourceQuality "1"]

1. e4 e5 2. Nf3 d6 3. h3 Nf6 4. Nc3 g6 5. Bc4 Bg7 6. d3 0-0 7. 0-0 c6 8. Bg5 h6 9. Bh4 a5 10. a4 Na6 11. Kh1 Nc7 12. Nh2 Be6 13. Bxe6 Nxe6 14. Ng4 g5 15. Bg3 Nh5 16. Nxh6+ Bxh6 17. Qxh5 Qf6 18. Ne2 Kg7 19. h4 Rh8 20. Kg1 gxh4 21. Bxh4 Bg5 22. Bxg5 Nxg5 23. Qg4 Rag8 24. Ng3 Qf4 25. Nf5+ Kf6 26. Qxf4 Nh3+ 27. Kh2 Nxf4+ 28. Kg1 Ne2# 0-1

[Event "Titled Tuesday intern op1 3rd March  "]
[Site "Chess.com INT"]
[Date "2020.03.03"]
[Round "3"]
[White "Makarov, Pavlo"]
[Black "Hosseinzadeh, Nima"]
[Result "0-1"]
[WhiteElo "2198"]
[BlackElo "2217"]
[PlyCount "126"]
[EventDate "2020.03.03"]
[EventType "swiss (blitz)"]
[EventRounds "10"]
[EventCountry "USA"]
[SourceTitle "EXT 2021"]
[Source "ChessBase"]
[SourceDate "2020.10.23"]
[SourceVersion "1"]
[SourceVersionDate "2020.10.23"]
[SourceQuality "1"]

1. d4 Nf6 2. c4 e6 3. Nc3 Bb4 4. Qc2 d5 5. e3 c5 6. a3 Bxc3+ 7. bxc3 cxd4 8. cxd4 0-0 9. Nf3 b6 10. cxd5 Qxd5 11. Bc4 Qc6 12. Bd3 Qxc2 13. Bxc2 Ba6 14. Bb2 Nbd7 15. Bd1 Rac8 16. a4 Bc4 17. Nd2 Bd3 18. Ra3 Ba6 19. a5 Rb8 20. Be2 Bxe2 21. Kxe2 bxa5 22. Bc3 Nd5 23. Bxa5 Rfc8 24. Rha1 Rc2 25. Kd3 Rbb2 26. g3 Rc8 27. R1a2 Rb7 28. e4 Ne7 29. Bc3 Ra8 30. Nc4 Nc6 31. Na5 Nxa5 32. Rxa5 Kf8 33. h4 Ke8 34. R5a3 Nb6 35. Ba5 Nc8 36. d5 exd5 37. exd5 Rab8 38. Bc3 Kd7 39. Bxg7 Kd6 40. Bh6 Kxd5 41. Be3 Rb3+ 42. Ke2 Rxa3 43. Rxa3 Rb7 44. Kf3 Kc4 45. Kf4 Kb4 46. Ra1 Rd7 47. Kg5 a5 48. Kh6 f6 49. Rb1+ Ka3 50. Ra1+ Kb4 51. Rb1+ Ka4 52. Ra1+ Kb5 53. Rb1+ Ka6 54. Rb8 Rc7 55. h5 a4 56. Ra8+ Na7 57. Bxa7 Kb7 58. Rf8 Kxa7 59. Rxf6 a3 60. Rf3 Rc6+ 61. Kxh7 Ra6 62. Kg7 a2 63. Rf7+ Kb8 0-1

[Event "Titled Tuesday intern op1 4th Febr"]
[Site "Chess.com INT"]
[Date "2020.02.04"]
[Round "2"]
[White "Makarov, Pavlo"]
[Black "Barp, Alberto"]
[Result "0-1"]
[WhiteElo "2206"]
[BlackElo "2368"]
[PlyCount "38"]
[EventDate "2020.02.04"]
[EventType "swiss (blitz)"]
[EventRounds "10"]
[EventCountry "USA"]
[SourceTitle "EXT 2021"]
[Source "ChessBase"]
[SourceDate "2020.10.23"]
[SourceVersion "1"]
[SourceVersionDate "2020.10.23"]
[SourceQuality "1"]

1. d4 Nf6 2. c4 e6 3. Nc3 Bb4 4. Qc2 0-0 5. a3 Bxc3+ 6. Qxc3 b6 7. e3 Bb7 8. Nf3 d6 9. Be2 Nbd7 10. b4 Re8 11. Bb2 e5 12. dxe5 dxe5 13. 0-0 Qe7 14. Rfd1 Rad8 15. Nxe5 Nxe5 16. Rxd8 Qxd8 17. Rd1 Qc8 18. c5 h6 19. Bb5 Qg4 0-1

[Event "Titled Tuesday intern op1 4th Febr"]
[Site "Chess.com INT"]
[Date "2020.02.04"]
[Round "6"]
[White "Makarov, Pavlo"]
[Black "Weetik, Vjacheslav"]
[Result "0-1"]
[WhiteElo "2206"]
[BlackElo "2423"]
[PlyCount "62"]
[EventDate "2020.02.04"]
[EventType "swiss (blitz)"]
[EventRounds "10"]
[EventCountry "USA"]
[SourceTitle "EXT 2021"]
[Source "ChessBase"]
[SourceDate "2020.10.23"]
[SourceVersion "1"]
[SourceVersionDate "2020.10.23"]
[SourceQuality "1"]

1. d4 f5 2. Nf3 Nf6 3. g3 g6 4. Bg2 Bg7 5. 0-0 0-0 6. c4 d6 7. Nc3 c6 8. d5 Qe8 9. Nd4 Bd7 10. h3 Na6 11. Be3 Nc7 12. Qd2 c5 13. Ne6 Nxe6 14. dxe6 Bxe6 15. Bxb7 Bxc4 16. Bxa8 Qxa8 17. Bh6 Bxh6 18. Qxh6 Qc6 19. b3 Ba6 20. f3 d5 21. Rac1 d4 22. Na4 Bxe2 23. Rxc5 Qd6 24. Rf2 Qxg3+ 25. Rg2 Qe1+ 26. Kh2 Bxf3 27. Rc1 Qe5+ 28. Rg3 Ne4 29. Rcg1 Nxg3 30. Rxg3 Qe2+ 31. Kg1 Qe1+ 0-1

[Event "Titled Tuesday intern op 7th Januar"]
[Site "Chess.com INT"]
[Date "2020.01.07"]
[Round "7"]
[White "Makarov, Pavlo"]
[Black "Tanaka, Taira Tyler"]
[Result "0-1"]
[WhiteElo "2206"]
[BlackElo "2083"]
[PlyCount "86"]
[EventDate "2020.01.07"]
[EventType "swiss (blitz)"]
[EventRounds "10"]
[EventCountry "USA"]
[SourceTitle "EXT 2021"]
[Source "ChessBase"]
[SourceDate "2020.10.23"]
[SourceVersion "1"]
[SourceVersionDate "2020.10.23"]
[SourceQuality "1"]

1. d4 Nf6 2. c4 g6 3. Nc3 Bg7 4. Nf3 0-0 5. Bf4 c5 6. d5 d6 7. h3 Bf5 8. g4 Be4 9. Bg2 Bxf3 10. Bxf3 Nfd7 11. e3 Na6 12. 0-0 Nc7 13. Rc1 a6 14. e4 b5 15. b3 Rb8 16. Be2 Ne5 17. Be3 bxc4 18. bxc4 Nd7 19. f4 Rb2 20. Rc2 Qb8 21. Qd3 Qb4 22. Rfc1 Rb8 23. e5 Rxc2 24. Rxc2 dxe5 25. d6 Ne8 26. dxe7 exf4 27. Bxf4 Bd4+ 28. Kg2 Rc8 29. Nd5 Qb7 30. Bf3 Qa7 31. Bd2 Ndf6 32. Bc3 Nxd5 33. Bxd5 Bxc3 34. Qxc3 Qxe7 35. Rf2 Nd6 36. Qf3 Rf8 37. Re2 Qg5 38. Qf2 h5 39. Qxc5 Nc8 40. Qe3 Qh4 41. Qh6 Nb6 42. Qxg6+ Kh8 43. Qxb6 hxg4 0-1

[Event "Titled Tuesday intern op 1st Oct"]
[Site "Chess.com INT"]
[Date "2019.10.01"]
[Round "1"]
[White "Makarov, Pavlo"]
[Black "Bakhmatsky, Vladislav"]
[Result "0-1"]
[WhiteElo "2206"]
[BlackElo "2445"]
[PlyCount "102"]
[EventDate "2019.10.01"]
[EventType "swiss (blitz)"]
[EventRounds "10"]
[EventCountry "USA"]
[SourceTitle "EXT 2021"]
[Source "ChessBase"]
[SourceDate "2020.10.23"]
[SourceVersion "1"]
[SourceVersionDate "2020.10.23"]
[SourceQuality "1"]

1. d4 Nf6 2. c4 g6 3. Nc3 d5 4. e3 Bg7 5. Nf3 0-0 6. b4 c6 7. Bb2 a5 8. a3 axb4 9. axb4 Rxa1 10. Bxa1 Qb6 11. Qb3 Na6 12. b5 Qa5 13. Qa4 Qxa4 14. Nxa4 Nc7 15. b6 Ne6 16. Bd3 dxc4 17. Bxc4 Nd5 18. 0-0 Bd7 19. Nc5 Nxb6 20. Nxd7 Nxd7 21. Bxe6 fxe6 22. Rb1 Ra8 23. Bc3 b5 24. Bb4 Bf6 25. g4 g5 26. Nd2 Nb6 27. Ne4 Nd5 28. Be1 Kf7 29. Kf1 h6 30. Rc1 Rc8 31. Rc2 e5 32. Nc3 Nxc3 33. Bxc3 exd4 34. Bxd4 Bxd4 35. exd4 Ke6 36. Ke2 Kd6 37. Kd3 Ra8 38. Re2 Ra3+ 39. Ke4 e6 40. f4 gxf4 41. Kxf4 Rh3 42. Rb2 Kd5 43. Rc2 b4 44. Rc5+ Kxd4 45. Rxc6 Rxh2 46. Rxe6 b3 47. Rb6 b2 48. Kf5 Kc3 49. Rc6+ Kd2 50. Rb6 Kc1 51. Kg6 b1Q+ 0-1

[Event "UKR-chT"]
[Site "Chornomorsk"]
[Date "2019.05.27"]
[Round "8.1"]
[White "Makarov, Pavlo"]
[Black "Omelja, Artem"]
[Result "1/2-1/2"]
[WhiteElo "2192"]
[BlackElo "2451"]
[PlyCount "79"]
[EventDate "2019.05.20"]
[EventType "team-tourn"]
[EventRounds "9"]
[EventCountry "UKR"]
[SourceTitle "CBM 190 Extra"]
[Source "ChessBase"]
[SourceDate "2019.07.15"]
[SourceVersion "1"]
[SourceVersionDate "2019.07.15"]
[SourceQuality "1"]
[WhiteTeam "Odesa Shaman"]
[BlackTeam "Kharkov Law Academy"]
[WhiteTeamCountry "UKR"]
[BlackTeamCountry "UKR"]

1. d4 Nf6 2. c4 g6 3. Nc3 Bg7 4. Nf3 0-0 5. e4 d6 6. h3 c5 7. d5 e6 8. Bd3 exd5 9. exd5 Re8+ 10. Be3 Bh6 11. 0-0 Bxe3 12. fxe3 Nbd7 13. Qd2 Ne5 14. Nxe5 Rxe5 15. Rf3 Ne8 16. Raf1 f6 17. Qf2 Qe7 18. Ne2 Bd7 19. g4 Rb8 20. Nf4 Qg7 21. b3 b6 22. Bc2 b5 23. Nd3 Rg5 24. Qh4 h6 25. e4 bxc4 26. bxc4 f5 27. Kh1 Nf6 28. exf5 gxf5 29. Nf4 Rb2 30. R3f2 Rxc2 31. Rxc2 fxg4 32. Re2 gxh3 33. Ne6 Bxe6 34. Rxe6 Rh5 35. Qf2 Rf5 36. Qe2 Nh5 37. Kh2 Qg3+ 38. Kh1 Qg7 39. Kh2 Qg3+ 40. Kh1 1/2-1/2

[Event "Golubev Cup"]
[Site "Chess.com INT"]
[Date "2018.11.10"]
[Round "3"]
[White "Makarov, Pavlo"]
[Black "Kulish, Vasiliy"]
[Result "1-0"]
[WhiteElo "2212"]
[BlackElo "1958"]
[PlyCount "143"]
[EventDate "2018.11.10"]
[EventType "swiss (blitz)"]
[EventRounds "10"]
[EventCountry "USA"]
[SourceTitle "CBM 187 Extra"]
[Source "ChessBase"]
[SourceDate "2018.11.04"]
[SourceVersion "1"]
[SourceVersionDate "2018.11.04"]
[SourceQuality "1"]

1. d4 d6 2. Bf4 Nf6 3. h3 c6 4. Nf3 Qb6 5. Qc1 Nbd7 6. c3 h6 7. e3 g5 8. Bh2 Bg7 9. Be2 a5 10. Nbd2 a4 11. b3 Nf8 12. c4 Ng6 13. 0-0 c5 14. Rb1 a3 15. d5 Bf5 16. Ne1 Bxb1 17. Qxb1 0-0 18. e4 Qa5 19. Qc2 Nd7 20. Nd3 Nde5 21. Nxe5 Bxe5 22. Bxe5 Nxe5 23. Bd3 f6 24. Nf3 Nxf3+ 25. gxf3 Kg7 26. Kg2 h5 27. Rg1 Kf7 28. e5 dxe5 29. Bg6+ Kg7 30. Bxh5 f5 31. Qc1 Kf6 32. h4 Rg8 33. Kh2 f4 34. hxg5+ Rxg5 35. Rxg5 Kxg5 36. Qg1+ Kxh5 37. Qg4+ Kh6 38. Qe6+ Kg7 39. Qxe7+ Kg6 40. Qe6+ Kh7 41. Qf7+ Kh8 42. Qf6+ Kg8 43. Qg6+ Kf8 44. Qf6+ Ke8 45. Qe6+ Kd8 46. d6 Ra6 47. Qe7+ Kc8 48. d7+ Kb8 49. d8Q+ Qxd8 50. Qxd8+ Ka7 51. Qd5 Rh6+ 52. Kg2 Rg6+ 53. Kf1 Rc6 54. Qxe5 Ka6 55. Qxf4 Ka5 56. Qd2+ Ka6 57. Qc1 b6 58. Qxa3+ Kb7 59. Qa4 Rd6 60. Qe8 Rd1+ 61. Kg2 Rd2 62. a4 Ka7 63. f4 Kb7 64. f5 Kc7 65. f6 Rd8 66. Qe5+ Kc6 67. f7 Rf8 68. Qe7 Rh8 69. f8Q Rh2+ 70. Kxh2 b5 71. Qxc5+ Kd7 72. Qfe7# 1-0

[Event "Golubev Cup"]
[Site "Chess.com INT"]
[Date "2018.11.10"]
[Round "4"]
[White "Makarov, Pavlo"]
[Black "Usanov, Maxim"]
[Result "1/2-1/2"]
[WhiteElo "2212"]
[BlackElo "2093"]
[PlyCount "53"]
[EventDate "2018.11.10"]
[EventType "swiss (blitz)"]
[EventRounds "10"]
[EventCountry "USA"]
[SourceTitle "CBM 187 Extra"]
[Source "ChessBase"]
[SourceDate "2018.11.04"]
[SourceVersion "1"]
[SourceVersionDate "2018.11.04"]
[SourceQuality "1"]

1. d4 Nc6 2. c4 d5 3. cxd5 Qxd5 4. e3 e5 5. Nc3 Bb4 6. Bd2 Bxc3 7. bxc3 Qd6 8. Bd3 Nge7 9. Ne2 0-0 10. Qc2 f5 11. Bc4+ Kh8 12. 0-0 a6 13. a4 Rb8 14. Bc1 b5 15. axb5 axb5 16. Ba3 Qf6 17. Bb3 b4 18. Bxb4 Nxb4 19. cxb4 Rxb4 20. dxe5 Qxe5 21. Nf4 Bb7 22. Rfc1 Ng6 23. Nd3 Qe4 24. Ne1 f4 25. Qxe4 Bxe4 26. Bc2 fxe3 27. fxe3 1/2-1/2

[Event "Geller Memorial op-A 6th"]
[Site "Odessa"]
[Date "2010.08.28"]
[Round "8"]
[White "Makarov, Pavlo"]
[Black "Kurayan, Ruslan"]
[Result "0-1"]
[WhiteElo "2167"]
[BlackElo "2310"]
[PlyCount "115"]
[EventDate "2010.08.21"]
[EventType "swiss"]
[EventRounds "9"]
[EventCountry "UKR"]
[SourceTitle "CBM 138 Extra"]
[Source "ChessBase"]
[SourceDate "2010.10.29"]
[SourceVersion "1"]
[SourceVersionDate "2010.10.29"]
[SourceQuality "1"]

1. d4 Nf6 2. c4 g6 3. Nc3 Bg7 4. Nf3 0-0 5. Bf4 d6 6. h3 Nbd7 7. e3 b6 8. Be2 Bb7 9. 0-0 Ne4 10. Nxe4 Bxe4 11. Qd2 e5 12. Bh2 Qe7 13. Rad1 Rad8 14. b4 f5 15. Rfe1 g5 16. Qc1 Bb7 17. c5 g4 18. c6 gxf3 19. Bxf3 Ba8 20. cxd7 Bxf3 21. gxf3 Qg5+ 22. Kh1 Qh5 23. dxe5 Qxf3+ 24. Kg1 Kh8 25. Qc4 Rg8 26. Qd5 Bxe5+ 27. Bg3 Qxd5 28. Rxd5 Bxg3 29. fxg3 Rxg3+ 30. Kh2 Rg6 31. Rxf5 Rxd7 32. b5 Kg7 33. h4 Rf6 34. Rg5+ Kf7 35. a4 Re7 36. Rc1 Rf3 37. e4 Rf4 38. Rf5+ Rxf5 39. exf5 Kf6 40. a5 bxa5 41. Ra1 d5 42. Rxa5 d4 43. Ra6+ Kxf5 44. Rxa7 d3 45. b6 d2 46. bxc7 Rxc7 47. Rxc7 d1Q 48. Rg7 Qe2+ 49. Rg2 Qe1 50. Rg8 Kf4 51. h5 Qe2+ 52. Rg2 Qxh5+ 53. Kg1 Qd1+ 54. Kh2 Qd5 55. Rg3 Qh5+ 56. Kg2 Qe2+ 57. Kh3 Qe1 58. Rg7 0-1

[Event "Geller Memorial op-A 6th"]
[Site "Odessa"]
[Date "2010.08.22"]
[Round "2"]
[White "Makarov, Pavlo"]
[Black "Golovlev, Nikolay"]
[Result "1-0"]
[WhiteElo "2167"]
[BlackElo "2318"]
[PlyCount "67"]
[EventDate "2010.08.21"]
[EventType "swiss"]
[EventRounds "9"]
[EventCountry "UKR"]
[SourceTitle "CBM 138 Extra"]
[Source "ChessBase"]
[SourceDate "2010.10.29"]
[SourceVersion "1"]
[SourceVersionDate "2010.10.29"]
[SourceQuality "1"]

1. e4 e6 2. d4 d5 3. Nd2 Nf6 4. e5 Nfd7 5. f4 c5 6. c3 Nc6 7. Nb3 a5 8. a4 cxd4 9. Nxd4 g5 10. Nxe6 Qb6 11. Nxg5 Bc5 12. N1h3 h6 13. Qh5 hxg5 14. Qxh8+ Nf8 15. Bb5 Bg4 16. Qf6 Be7 17. Qh6 0-0-0 18. Nxg5 Ng6 19. Nxf7 Nh4 20. Kf1 Rg8 21. Ng5 Ng6 22. Qh7 Qd8 23. Nf7 Qf8 24. Nd6+ Kb8 25. Kg1 Nh4 26. h3 Bf3 27. g4 Bxh1 28. Kxh1 Nxe5 29. Nf5 Nxg4 30. Nxh4 Nf2+ 31. Kh2 Rh8 32. Ng6 Ng4+ 33. Kg3 Bh4+ 34. Qxh4 1-0

[Event "Geller Memorial op-A 4th"]
[Site "Odessa"]
[Date "2008.09.11"]
[Round "3"]
[White "Makarov, Pavlo"]
[Black "Bogdanovich, Stanislav"]
[Result "0-1"]
[WhiteElo "2161"]
[BlackElo "2299"]
[PlyCount "64"]
[EventDate "2008.09.09"]
[EventType "swiss"]
[EventRounds "9"]
[EventCountry "UKR"]
[SourceTitle "CBM 126 Extra"]
[Source "ChessBase"]
[SourceDate "2008.11.05"]
[SourceVersion "1"]
[SourceVersionDate "2008.11.05"]
[SourceQuality "1"]

1. d4 d5 2. c4 dxc4 3. e3 Nf6 4. Bxc4 e6 5. Nf3 c5 6. 0-0 Nc6 7. Qe2 a6 8. a4 Qc7 9. dxc5 Bxc5 10. Nc3 0-0 11. e4 Ng4 12. g3 Bd7 13. Bf4 Bd6 14. Bxd6 Qxd6 15. Rfd1 Qc7 16. Rac1 Rfd8 17. Ng5 Nge5 18. Ba2 h6 19. Nf3 Be8 20. Nxe5 Qxe5 21. Qe3 Qa5 22. Kg2 Qb4 23. Rb1 Na5 24. Qe2 Bxa4 25. Nxa4 Qxa4 26. b4 Rxd1 27. Rxd1 Qxb4 28. Rd7 Nc6 29. f4 Rd8 30. Rxd8+ Nxd8 31. f5 Qd6 32. Qc2 exf5 0-1

[Event "Geller Memorial op-A 4th"]
[Site "Odessa"]
[Date "2008.09.09"]
[Round "1"]
[White "Makarov, Pavlo"]
[Black "Zherebukh, Yaroslav"]
[Result "0-1"]
[WhiteElo "2161"]
[BlackElo "2432"]
[PlyCount "76"]
[EventDate "2008.09.09"]
[EventType "swiss"]
[EventRounds "9"]
[EventCountry "UKR"]
[SourceTitle "CBM 126 Extra"]
[Source "ChessBase"]
[SourceDate "2008.11.05"]
[SourceVersion "1"]
[SourceVersionDate "2008.11.05"]
[SourceQuality "1"]

1. d4 Nf6 2. c4 e6 3. Nc3 Bb4 4. Qc2 0-0 5. a3 Bxc3+ 6. Qxc3 b6 7. Nf3 Bb7 8. e3 d6 9. Be2 Nbd7 10. b4 Ne4 11. Qc2 f5 12. 0-0 a5 13. Bb2 Qe7 14. Nd2 Qg5 15. Nf3 Qh6 16. d5 e5 17. Nd2 Ndf6 18. Nxe4 fxe4 19. Bc3 Bc8 20. bxa5 bxa5 21. Ra2 Bg4 22. Rb2 Qg6 23. Bxg4 Qxg4 24. Rb7 Qc8 25. Rfb1 c6 26. c5 cxd5 27. cxd6 Qe6 28. Re7 Qxd6 29. Rbb7 Rac8 30. Qb2 Qc6 31. Rxg7+ Kh8 32. Be1 Qc1 33. Qxc1 Rxc1 34. Kf1 d4 35. exd4 exd4 36. Ke2 d3+ 37. Kd2 Rfc8 38. Rgf7 Nd5 0-1

[Event "Geller Memorial op-A 3rd"]
[Site "Odessa"]
[Date "2007.09.15"]
[Round "8"]
[White "Zolotukhin, Valery"]
[Black "Makarov, Pavlo"]
[Result "1-0"]
[WhiteElo "2298"]
[BlackElo "2157"]
[PlyCount "85"]
[EventDate "2007.09.08"]
[EventType "swiss"]
[EventRounds "9"]
[EventCountry "UKR"]
[SourceTitle "CBM 120 Extra"]
[Source "ChessBase"]
[SourceDate "2007.11.01"]
[SourceVersion "1"]
[SourceVersionDate "2007.11.01"]
[SourceQuality "1"]

1. e4 e5 2. Nf3 d6 3. d4 exd4 4. Nxd4 Nf6 5. Nc3 Be7 6. Bf4 0-0 7. Qd2 a6 8. 0-0-0 b5 9. f3 c5 10. Nf5 Bxf5 11. exf5 Nc6 12. Bxd6 Qa5 13. Bxe7 Nxe7 14. Kb1 Rad8 15. Qc1 Rxd1 16. Qxd1 Nxf5 17. Bd3 Nd4 18. Ne4 Nxe4 19. Bxe4 b4 20. Qd3 f5 21. Bb7 Nb5 22. Re1 Nd4 23. Qxa6 Qc7 24. Bd5+ Kh8 25. Qb7 Qd8 26. Qe7 Qc8 27. Bb7 Qb8 28. Qxc5 Rd8 29. Qxb4 Nc6 30. Qb6 Ne5 31. Qe6 h6 32. a4 Nd7 33. Bc6 Nc5 34. Qxf5 Qb4 35. c3 Qb6 36. Bb5 Qd6 37. Qe5 Qd2 38. Qe2 Qd6 39. g4 Nb3 40. Bd3 Nc5 41. Qe8+ Qf8 42. Qxf8+ Rxf8 43. Bg6 1-0